| 000 | 00341nam a2200145 a 4500 | ||
|---|---|---|---|
| 001 | 3080 | ||
| 003 | CDMR | ||
| 005 | 20130116135239.0 | ||
| 008 | 130130s1969||||||||||||||||||||||||||||d | ||
| 040 |
_aCDMR _bcat _cCDMR |
||
| 100 | 1 |
_aWood, William Almon _92249 |
|
| 245 | 1 | 0 | _aPeriodismo electrónico |
| 260 |
_aMéxico _c1969 _bLetras |
||
| 942 | _cMON | ||
| 999 |
_c3080 _d3080 |
||